Ireland Top Scorers at Every Rugby World Cup - Statistics

General Stats
  • This quiz has been taken 13 times
    6 since last reset
  • The average score is 6 of 10
Answer Stats
World Cup Player Tries Conversions Penalties Drop Goals Total Actual Ranking % Correct
2019 Johnny Sexton 2 8 0 0 26 13th
100%
2007 Ronan O'Gara 0 5 2 1 19 25th
100%
2011 Ronan O'Gara 0 10 8 0 44 4th
100%
1999 David Humphreys 0 11 3 1 34 13th
50%
2003 David Humphreys 0 7 5 0 29 14th
50%
2015 Ian Madigan 0 10 6 0 38 10th
50%
1995 Eric Elwood 0 5 5 0 25 11th
33%
2023 Johnny Sexton 3 17 3 0 58 4th
33%
1987 Mike Kiernan 1 7 5 1 36 8th
33%
1991 Ralph Keyes 0 7 16 2 68 1st
33%
No matching quizzes found
Score Distribution
Percent of People with Each Score
Percentile by Number Answered
Your Score History
You have not taken this quiz since the last reset